000 01142naa a22003137a 4500
001 BR7804591
003 BR-BrBNA
005 20240918174132.0
007 ta
008 230509b bl.||||| |||| 00| 0 por d
040 _aBR-BrBNA
_bpor
_cBiblioteca Nacional de Agricultura
041 _a(Pt)
072 _aL60; P00
_b8520
_bG514
090 _aL60 BR7804591
100 1 _aLima, S.L.
111 1 _a1. Simposio Nacional de Ecologia
_cCuritiba, PR (Brazil)
_d26 Sep 1978
245 1 _aNecessidade de estudos basicos para criacao nacional e preservacao de especies autoctones de Leptodactylus (Anura)[Ra; Brasil]
260 3 _aCuritiba, PR (Brasil):
_c1978.
500 _aAnais do 1. Simposio Nacional de Ecologia Curitiba, PR (Brasil): 1978. v. 3 p. 113-116 (BR7804591-AM)L60
650 _aTaxonomia animal
650 _aRecurso natural
650 _aRa
650 _aDistribuicao geografica
650 _aConservacao
650 _aRanicultura
773 0 _tAnais do 1. Simposio Nacional de Ecologia
_wL60 BR7804591
_gCuritiba, PR (Brasil), 1978. v. 3 p. 113-116
909 _a202404
_bLucia
_c55
_dLucia Elande
942 _cAM
_2AGRIS
999 _c309133
_d309133